| 000 | 00519nam a2200193Ia 4500 | ||
|---|---|---|---|
| 008 | 240510s9999 xx 000 0 und d | ||
| 020 | _a0000201924781 | ||
| 041 | _aEng | ||
| 082 | _a005.1 | ||
| 082 | _bC55 | ||
| 100 | _aCONSTANTINE L.L. & LOCKWOOD L.A.D. | ||
| 245 | 0 | _aSOFTWARE FOR USE : A PRACTICAL GUIDE TO THE MODELS AND METHODS OF USAGE-CENTERED DESIGN | |
| 260 | _bNew York : ADDISION WESLEY | ||
| 260 | _c1999 | ||
| 300 | _a579 p. | ||
| 650 | _aSOFTWARE ENGINEERING | ||
| 942 | _2ddc | ||
| 942 | _cRBK | ||
| 999 |
_c25042 _d25042 |
||
| 945 |
_a1 _bMadushi Gamage _c1 _dMadushi Gamage |
||